<?xml version="1.0" encoding="UTF-8"?>
<record
    xmlns:xsi="http://www.w3.org/2001/XMLSchema-instance"
    xsi:schemaLocation="http://www.loc.gov/MARC21/slim http://www.loc.gov/standards/marcxml/schema/MARC21slim.xsd"
    xmlns="http://www.loc.gov/MARC21/slim">

  <leader>01583cam a2200385 a 4500</leader>
  <controlfield tag="001">1659581</controlfield>
  <controlfield tag="003">IT-RoPau</controlfield>
  <controlfield tag="005">20220918181312.0</controlfield>
  <controlfield tag="008">970328s1996    gw       b    001 0ager  </controlfield>
  <datafield tag="010" ind1=" " ind2=" ">
    <subfield code="a">   97133704 </subfield>
  </datafield>
  <datafield tag="020" ind1=" " ind2=" ">
    <subfield code="a">3579018868</subfield>
  </datafield>
  <datafield tag="040" ind1=" " ind2=" ">
    <subfield code="a">DLC</subfield>
    <subfield code="c">DLC</subfield>
  </datafield>
  <datafield tag="043" ind1=" " ind2=" ">
    <subfield code="a">e-gx---</subfield>
  </datafield>
  <datafield tag="050" ind1="0" ind2="0">
    <subfield code="a">BR45</subfield>
    <subfield code="b">.B65 1986 Bd. 16</subfield>
    <subfield code="a">BX4827.B57 A4</subfield>
  </datafield>
  <datafield tag="082" ind1="0" ind2="0">
    <subfield code="a">230/.044 s</subfield>
    <subfield code="a">230/.044/092</subfield>
    <subfield code="a">B</subfield>
    <subfield code="2">21</subfield>
  </datafield>
  <datafield tag="100" ind1="1" ind2=" ">
    <subfield code="a">Bonhoeffer, Dietrich,</subfield>
    <subfield code="d">1906-1945.</subfield>
    <subfield code="9">35766</subfield>
  </datafield>
  <datafield tag="245" ind1="1" ind2="0">
    <subfield code="a">Konspiration und Haft 1940-1945 /</subfield>
    <subfield code="c">Dietrich Bonhoeffer ; herausgegeben von J&#xF8;rgen Glenth&#xF8;j, Ulrich Kabitz und Wolf Kr&#xF6;tke.</subfield>
  </datafield>
  <datafield tag="260" ind1=" " ind2=" ">
    <subfield code="a">G&#xFC;tersloh :</subfield>
    <subfield code="b">Chr. Kaiser Verlag,</subfield>
    <subfield code="c">1996.</subfield>
  </datafield>
  <datafield tag="300" ind1=" " ind2=" ">
    <subfield code="a">xv, 955 p. ;</subfield>
    <subfield code="c">21 cm.</subfield>
  </datafield>
  <datafield tag="490" ind1="1" ind2=" ">
    <subfield code="a">Dietrich Bonhoeffer Werke ;</subfield>
    <subfield code="v">16. Bd.</subfield>
  </datafield>
  <datafield tag="504" ind1=" " ind2=" ">
    <subfield code="a">Includes bibliographical references (p. [821]-840) and indexes.</subfield>
  </datafield>
  <datafield tag="600" ind1="1" ind2="0">
    <subfield code="a">Bonhoeffer, Dietrich,</subfield>
    <subfield code="d">1906-1945</subfield>
    <subfield code="v">Correspondence.</subfield>
    <subfield code="9">35798</subfield>
  </datafield>
  <datafield tag="600" ind1="1" ind2="0">
    <subfield code="a">Bonhoeffer, Dietrich,</subfield>
    <subfield code="d">1906-1945</subfield>
    <subfield code="x">Imprisonment.</subfield>
    <subfield code="9">35799</subfield>
  </datafield>
  <datafield tag="650" ind1=" " ind2="0">
    <subfield code="a">Theologians</subfield>
    <subfield code="z">Germany</subfield>
    <subfield code="v">Correspondence.</subfield>
    <subfield code="9">35800</subfield>
  </datafield>
  <datafield tag="650" ind1=" " ind2="0">
    <subfield code="a">Political prisoners</subfield>
    <subfield code="z">Germany</subfield>
    <subfield code="v">Correspondence.</subfield>
    <subfield code="9">35801</subfield>
  </datafield>
  <datafield tag="650" ind1=" " ind2="0">
    <subfield code="a">Church and state</subfield>
    <subfield code="z">Germany</subfield>
    <subfield code="x">History</subfield>
    <subfield code="y">1933-1945</subfield>
    <subfield code="v">Sources.</subfield>
    <subfield code="9">35802</subfield>
  </datafield>
  <datafield tag="650" ind1=" " ind2="0">
    <subfield code="a">Theology</subfield>
    <subfield code="z">Germany</subfield>
    <subfield code="x">History</subfield>
    <subfield code="y">20th century</subfield>
    <subfield code="v">Sources.</subfield>
    <subfield code="9">35803</subfield>
  </datafield>
  <datafield tag="700" ind1="1" ind2=" ">
    <subfield code="a">Glenth&#xF8;j, J&#xF8;rgen.</subfield>
    <subfield code="9">35804</subfield>
  </datafield>
  <datafield tag="700" ind1="1" ind2=" ">
    <subfield code="a">Kabitz, Ulrich.</subfield>
    <subfield code="9">35805</subfield>
  </datafield>
  <datafield tag="700" ind1="1" ind2=" ">
    <subfield code="a">Kr&#xF6;tke, Wolf.</subfield>
    <subfield code="9">35806</subfield>
  </datafield>
  <datafield tag="800" ind1="1" ind2=" ">
    <subfield code="a">Bonhoeffer, Dietrich,</subfield>
    <subfield code="d">1906-1945.</subfield>
    <subfield code="t">Works.</subfield>
    <subfield code="f">1986 ;</subfield>
    <subfield code="v">16. Bd.</subfield>
    <subfield code="9">35807</subfield>
  </datafield>
  <datafield tag="906" ind1=" " ind2=" ">
    <subfield code="a">7</subfield>
    <subfield code="b">cbc</subfield>
    <subfield code="c">orignew</subfield>
    <subfield code="d">2</subfield>
    <subfield code="e">ncip</subfield>
    <subfield code="f">19</subfield>
    <subfield code="g">y-gencatlg</subfield>
  </datafield>
  <datafield tag="942" ind1=" " ind2=" ">
    <subfield code="2">ddc</subfield>
    <subfield code="c">BK</subfield>
  </datafield>
  <datafield tag="999" ind1=" " ind2=" ">
    <subfield code="c">108667</subfield>
    <subfield code="d">108667</subfield>
  </datafield>
</record>
